|
|
|
|
| LEADER |
00852nam a22002177a 4500 |
| 999 |
|
|
|c 12182
|d 12182
|
| 020 |
|
|
|a 9788131252321
|
| 082 |
|
|
|a 346.04
|b SAX/P
|
| 100 |
|
|
|a Saxena Poonam Pradhan
|9 1101
|
| 245 |
|
|
|a Property law /
|
| 250 |
|
|
|a 3rd Ed.
|
| 260 |
|
|
|a Gurgaon
|b LexisNexis
|c 2017
|
| 300 |
|
|
|a clxxxiv + 682p.
|
| 650 |
|
|
|a Property Law
|9 1121
|
| 650 |
|
|
|a Transfer (Law)
|z India
|9 1122
|
| 650 |
|
|
|a Acquisition of property
|9 1123
|
| 650 |
|
|
|a Transfer of Property Act, 1882 (India)
|9 1124
|
| 942 |
|
|
|c REF
|
| 952 |
|
|
|0 0
|1 0
|4 0
|7 0
|9 23532
|a NUALS
|b NUALS
|c REF
|d 2020-08-03
|o R 346.04 SAX/P
|p 17133
|w 2020-08-03
|y REF
|z Reprint 2018
|
| 952 |
|
|
|0 0
|1 0
|4 0
|7 0
|9 23533
|a NUALS
|b NUALS
|c GEN
|d 2020-08-03
|o 346.04 SAX/P
|p 17134
|t 1
|w 2020-08-03
|y BK
|z Reprint 2019
|
| 952 |
|
|
|0 0
|1 0
|4 0
|7 0
|9 24035
|a NUALS
|b NUALS
|c GEN
|d 2020-12-30
|o 346.04 SAX/P
|p 17442
|t 2
|w 2020-12-30
|y BK
|z Reprint 2018
|